02015cam a22004094i 4500003000900000005001700009008004100026035002000067040003300087082001800120100004300138245012900181264001000310300002100320336002100341337002500362338002300387502005800410504002700468520087500495526001001370526001001380526000901390526000901399526000901408526000901417526000901426526000901435526000901444526000801453526000801461526000801469526000801477526000801485600006801493650004401561PE-LiUPU20250731165357.0150917s2008 pe grm 000 0 spa d a(Sirsi) a154452 aPE-LiUPUbspacPE-LiUPUerda04a869.56bA44 31 aAltamirano Tovar, Socorro Taliaeautor14aLas supersticiones: un canal para la visión de la narrativa de Eleodoro Vargas Vicuña /cSocorro Talia Altamirano Tovar. 0c2008. a62 hojas c31 cm atext2rdacontent aunmediated2rdamedia avolume2rdacarrier aTesisb(Mg.) -- cUniversidad Peruana Unión,d2008. aIncluye bibliografía3 aSin lugar a dudas, existen poquísimos trabajos sobre la narrativa de Eleodoro Vargas Vicuña. Motivados por incrementar el corpus literario sobre la narrativa peruana hemos abordado la narrativa de nuestro autor, con el titulo "Las supersticiones: un canal para la visión de la narrativa de Eleodoro Vargas Vicuña". El objetivo construido para tal fin es analizar desde la perspectiva de la hermenéutica, por la exigencia de la naturaleza de un texto literario y de acuerdo con los protocolos de la investigación literaria-la cosmovisión andina de la narrativa de Eleodoro Vargas Vicuña, uno de los grandes y singulares narradores de la Generación del 50, junto a la presencia bastante significativa de dos narradores sobresalientes y prolíferos de la referida generación, especialmente en el cuento: Julio Ramón Ribeyro y Carlos Eduardo Zavaleta. aSEG44 aSEG26 aP151 aP150 aP149 aP146 aP145 aP126 aP125 aP92 aP75 aP74 aP27 aP1504aVargas Vicuña, Eleodorod1924-1997xCrítica textualvTesis.04aCuento peruanoxAndesySiglo XXvTesis.